Normal view
MARC view
- Israel-Arab War, 1973
Entry Topical Term
001 - CONTROL NUMBER
- control field: 106152
003 - CONTROL NUMBER IDENTIFIER
- control field: NUST
005 - DATE AND TIME OF LATEST TRANSACTION
- control field: 20221228090829.0
008 - FIXED-LENGTH DATA ELEMENTS
- fixed length control field: 221228|| aca||aabn | a|a d
040 ## - CATALOGING SOURCE
- Original cataloging agency: NUST
- Transcribing agency: NUST
150 ## - HEADING--TOPICAL TERM
- Topical term or geographic name entry element: Israel-Arab War, 1973
- General subdivision: Personal narratives, Israeli
670 ## - SOURCE DATA FOUND
- Source citation: Work cat.: (NUST)185155: Adan, Avraham, 106149, On the banks of the Suez :, c1980.
